| 000 | 01936nam a2200421 c 4500 | ||
|---|---|---|---|
| 999 |
_c190341 _d190341 |
||
| 003 | BLK | ||
| 005 | 20241130122151.0 | ||
| 008 | 180411b bul|||||r ||||||| ||bul|| | ||
| 010 | _aKNG00199476000 | ||
| 020 | _a978-619-199-216-4 | ||
| 020 | _a3800083820680 | ||
| 040 | _aBLK | ||
| 041 |
_aBUL _cBUL |
||
| 072 | 7 |
_2bullib _aН85 _xДетска художествена литература Н |
|
| 080 |
_aИталианска литература _b821.131.1 _x-93-34 _z821.131.1-93-34 |
||
| 100 | 1 |
_aЧабатини, Джулиана _eпърви автор _9140594 |
|
| 139 |
_aЧабатини, Джулиана _bЧ 12 |
||
| 245 | 1 | 0 |
_aПриключенията на доктор Томсън и неговите приятели животните _bЕдин специален болен и други приказки _cДжулиана Чабатини; худож. Марко Кампанела; по идея на Андреа Дами; прев. Евдокия Светозарова Златарова. |
| 257 | _aITA | ||
| 260 |
_bФют _c2017 _aСофия |
||
| 300 |
_a31 с. _bс цв. ил. _c25 см |
||
| 380 | _aDX | ||
| 500 | _aОриг. загл. Le Avventure del Dottor Thompson e i suioi amici animali. Un malato speciale... e altre storie / Giuliana Ciabattini. | ||
| 653 | _aприказки | ||
| 653 | _aлитература за деца | ||
| 653 | _aдетска литература | ||
| 659 | _aН | ||
| 700 | 1 |
_aКампанела, Марко _eхудож. _9384782 |
|
| 700 | 1 |
_aДами, Андреа _eпо идея на _9299293 |
|
| 700 |
_aЗлатарова, Евдокия Светозарова _d1969 - _9248093 |
||
| 852 | _aЦб 284168 | ||
| 856 | 4 | _qpdf | |
| 856 | 4 | _qpdf | |
| 942 |
_cKNG _n0 _036 _s1 |
||
| 944 |
_aCR _c27.01.2017 _lБояна Костадинова _k30551 |
||
| 944 |
_aED _c22.11.2017 _lф / _kПенка_Димитрова |
||
| 999 | _d190341 | ||